LEADER 00963nam a2200253 a 4500 001 991003897449707536 008 020 $a9788828400967 035 $ab14405489-39ule_inst 040 $aDip.to di Storia, Società e Studi sull'Uomo$bita 082 0 $a618 100 1 $aLojacono, Andrea$0791602 245 10$aAvere cura del parto ed esserne felici /$cSara Bignotti, Andrea Lojacono 260 $a[Brescia] :$bScholé,$c2020 300 $a170 p. ;$c20 cm 490 0 $aOrso blu ;$v143 650 4$aParto 700 1 $aBignotti, Sara$eauthor$4http://id.loc.gov/vocabulary/relators/aut$0791603 907 $a.b14405489$b16-11-20$c30-10-20 912 $a991003897449707536 945 $aLE023 618 BIG 1 1$g1$i2023000204566$lle023$op$pE13.00$q-$rl$s- $t0$u0$v0$w0$x0$y.i15941371$z16-11-20 996 $aAvere cura del parto ed esserne felici$91769545 997 $aUNISALENTO 998 $ale023$b30-10-20$cm$da $e-$fita$git $h0$i0 LEADER 05098nam 2201117Ia 450 001 9910781291003321 005 20230126204028.0 010 $a1-283-27813-8 010 $a9786613278135 010 $a0-520-94947-1 024 7 $a10.1525/9780520949478 035 $a(CKB)2550000000031536 035 $a(EBL)656672 035 $a(OCoLC)707080705 035 $a(SSID)ssj0000470254 035 $a(PQKBManifestationID)11282272 035 $a(PQKBTitleCode)TC0000470254 035 $a(PQKBWorkID)10410640 035 $a(PQKB)10276923 035 $a(MiAaPQ)EBC656672 035 $a(DE-B1597)519285 035 $a(DE-B1597)9780520949478 035 $a(Au-PeEL)EBL656672 035 $a(CaPaEBR)ebr10448566 035 $a(CaONFJC)MIL327813 035 $a(EXLCZ)992550000000031536 100 $a20100922d2011 ub 0 101 0 $aeng 135 $aur|n|---||||| 181 $ctxt 182 $cc 183 $acr 200 10$aIn search of lost meaning$b[electronic resource] $ethe new Eastern Europe /$fAdam Michnik ; edited by Irena Grudzinska Gross ; translated by Roman S. Czarny, with a foreword by Vaclav Havel and an introduction by John Darnton 210 $aBerkeley $cUniversity of California Press$dc2011 215 $a1 online resource (246 p.) 300 $aIncludes index. 311 $a0-520-26923-3 327 $tFrontmatter -- $tContents -- $tForeword: About Michnik -- $tEditor's Note -- $tIntroduction: Michnik -- $t1. Poland at the Turning Point: Fifteen Years of Transformation, Fifteen Years of Gazeta Wyborcza -- $t2. In Search of Lost Meaning: The Twenty- Fifth Anniversary of the Solidarity Movement -- $t3. Rage and Shame, Sadness and Pride: The Twenty- Fourth Anniversary of the Imposition of Martial Law -- $t4. The Bitter Memory of Budapest: The Fiftieth Anniversary of the Budapest Uprising -- $t5. The Sadness of the Gutter -- $t6. Accusers and Traitors -- $t7. The Accusers and the Noncivic Acts -- $t8. A Wound upon Adam Mickiewicz's Brow -- $t9. The Kielce Pogrom: Two Examinations of Conscience -- $t10. The Shock of Jedwabne -- $tGlossary: Guide to Events and People -- $tIndex 330 $aIn this new collection of essays, Adam Michnik-one of Europe's leading dissidents-traces the post-cold-war transformation of Eastern Europe. He writes again in opposition, this time to post-communist elites and European Union bureaucrats. Composed of history, memoir, and political critique, In Search of Lost Meaning shines a spotlight on the changes in Poland and the Eastern Bloc in the post-1989 years. Michnik asks what mistakes were made and what we can learn from climactic events in Poland's past, in its literature, and the histories of Central and Eastern Europe. He calls attention to pivotal moments in which central figures like Lech Walesa and political movements like Solidarity came into being, how these movements attempted to uproot the past, and how subsequent events have ultimately challenged Poland's enduring ethical legacy of morality and liberalism. Reflecting on the most recent efforts to grapple with Poland's Jewish history and residual guilt, this profoundly important book throws light not only on recent events, but also on the thinking of one of their most important protagonists. 606 $aSocial ethics 606 $aSocial ethics$zPoland 606 $aSocial change$zEurope, Eastern 606 $aSocial change$zPoland 607 $aPoland$xPolitics and government$y1980-1989 607 $aEurope, Eastern$xPolitics and government$y1945-1989 607 $aEurope, Eastern$xPolitics and government$y1989- 607 $aEurope, Central$xPolitics and government$y1989- 610 $aactivism. 610 $aanti semitism. 610 $acentral europe. 610 $acold war. 610 $acommunism. 610 $adissident. 610 $aeastern bloc. 610 $aeastern europe. 610 $aeurope. 610 $aeuropean union. 610 $agenocide. 610 $aguilt. 610 $ahistory. 610 $aholocaust. 610 $ajewish history. 610 $alech walesa. 610 $aliberalism. 610 $amemoir. 610 $amodern history. 610 $amorality. 610 $anonfiction. 610 $apoland. 610 $apolish jews. 610 $apolish literature. 610 $apolitical action. 610 $apolitical movements. 610 $apolitics. 610 $apost cold war. 610 $arebellion. 610 $ared scare. 610 $arussia. 610 $asocial justice. 610 $asolidarity. 610 $aussr. 610 $awar. 615 0$aSocial ethics. 615 0$aSocial ethics 615 0$aSocial change 615 0$aSocial change 676 $a303.48/4094380904 700 $aMichnik$b Adam$0384693 701 $aGrudzin?ska-Gross$b Irena$01168875 801 0$bMiAaPQ 801 1$bMiAaPQ 801 2$bMiAaPQ 906 $aBOOK 912 $a9910781291003321 996 $aIn search of lost meaning$93713174 997 $aUNINA